Statistics for Summer 2022 MPGR (Super Smash Bros Melee)

Click here to take the quiz!

General Stats

  • This quiz has been taken 12 times
  • The average score is 29 of 50

Answer Stats

HintAnswer% Correct
11.Mango
100%
6.aMSa
89%
29.Axe
89%
4.Hungrybox
89%
2.iBDW
89%
3.Jmook
89%
16.S2J
89%
1.Zain
89%
42.2saint
78%
10.KoDoRiN
78%
5.Leffen
78%
32.Lucky
78%
13.moky
78%
9.n0ne
78%
50.Professor Pro
78%
23.SFAT
78%
12.Fiction
67%
14.Ginger
67%
8.lloD
67%
21.Magi
67%
7.Plup
67%
31.Soonsay
67%
18.Aklo
56%
49.Eddy Mexico
56%
44.Frenzy
56%
15.Joshman
56%
48.Panda
56%
19.Polish
56%
34.Salt
56%
22.Spark
56%
36.Zamu
56%
37.Jflex
44%
30.KJH
44%
20.Krudo
44%
45.Mekk
44%
24.Pipsqueak
44%
33.Skerzo
44%
26.Swift
44%
27.TheSWOOPER
44%
41.Zuppy
44%
40.Aura
33%
47.Bbatts
33%
35.bobby big ballz
33%
38.Chem
33%
25.null
33%
17.SluG
33%
39.Ben
22%
46.Logan
22%
28.Smashdaddy
22%
43.Suf
22%

Score Distribution

Percentile by Number Answered

Percent of People with Each Score

Your Score History

You have not taken this quiz